<?xml version="1.0" encoding="UTF-8"?>
<record
    xmlns:xsi="http://www.w3.org/2001/XMLSchema-instance"
    xsi:schemaLocation="http://www.loc.gov/MARC21/slim http://www.loc.gov/standards/marcxml/schema/MARC21slim.xsd"
    xmlns="http://www.loc.gov/MARC21/slim">

  <leader>02213nam a2200289 a 4500</leader>
  <controlfield tag="003">OSt</controlfield>
  <controlfield tag="005">20260210104621.0</controlfield>
  <controlfield tag="007">cr ||||||a|c|a</controlfield>
  <controlfield tag="008">230503s2019    mx a|||fom||| 001 0 spa d</controlfield>
  <datafield tag="040" ind1=" " ind2=" ">
    <subfield code="e">rda</subfield>
  </datafield>
  <datafield tag="100" ind1="1" ind2=" ">
    <subfield code="9">186883</subfield>
    <subfield code="a">Ortiz Lazalde, Jocabed Getsemani</subfield>
  </datafield>
  <datafield tag="245" ind1="1" ind2=" ">
    <subfield code="a">Factores asociados para la percepci&#xF3;n de la problem&#xE1;tica del agua de uso dom&#xE9;stico en la cuenca Nazas-Aguanaval, M&#xE9;xico /</subfield>
    <subfield code="c">por Jocabed Getsemani Ortiz Lazalde; director de tesis Marco Andr&#xE9;s L&#xF3;pez Santiago.</subfield>
  </datafield>
  <datafield tag="264" ind1=" " ind2="1">
    <subfield code="a">Chapingo, M&#xE9;xico :</subfield>
    <subfield code="b">El autor,</subfield>
    <subfield code="c">2019.</subfield>
  </datafield>
  <datafield tag="300" ind1=" " ind2=" ">
    <subfield code="a">1 recurso en l&#xED;nea (61 p&#xE1;ginas):</subfield>
    <subfield code="b">figuras, cuadros.</subfield>
  </datafield>
  <datafield tag="336" ind1=" " ind2=" ">
    <subfield code="2">rdacontent</subfield>
    <subfield code="a">texto</subfield>
    <subfield code="b">txt</subfield>
  </datafield>
  <datafield tag="337" ind1=" " ind2=" ">
    <subfield code="2">rdamedia</subfield>
    <subfield code="a">computadora</subfield>
    <subfield code="b">c</subfield>
  </datafield>
  <datafield tag="338" ind1=" " ind2=" ">
    <subfield code="2">rdacarrier</subfield>
    <subfield code="a">recurso en l&#xED;nea</subfield>
    <subfield code="b">cr</subfield>
  </datafield>
  <datafield tag="502" ind1=" " ind2=" ">
    <subfield code="b">IEA</subfield>
    <subfield code="c">DICEA</subfield>
    <subfield code="d">2019.</subfield>
    <subfield code="g">LIC</subfield>
  </datafield>
  <datafield tag="504" ind1=" " ind2=" ">
    <subfield code="a">Incluye referencias bibliogr&#xE1;ficas: p&#xE1;ginas 50-51.</subfield>
  </datafield>
  <datafield tag="520" ind1=" " ind2=" ">
    <subfield code="a">El norte de M&#xE9;xico es caracterizado por sus zonas &#xE1;ridas, lo que implica escasez de agua. Los municipios de San Pedro del Gallo y Mapim&#xED;, pertenecientes al estado de Durango, presentan poca precipitaci&#xF3;n anual por lo tanto existe deficiencia de agua para consumo. En este estudio se realizaron encuestas en dichos municipios con el objetivo de determinar, por medio de una regresi&#xF3;n log&#xED;stica, cu&#xE1;les son los factores principales que inciden en que los habitantes perciban la problem&#xE1;tica del agua y que los resultados sean un criterio para establecer estrategias y definir pol&#xED;ticas que mejoren el acceso al agua en la cantidad y calidad necesarias para las localidades. Se encontr&#xF3; que la calidad del agua y la satisfacci&#xF3;n con la cantidad influyen positivamente en la percepci&#xF3;n de la problem&#xE1;tica; mientras el nivel de estudios influye negativamente. En este sentido, la variable que m&#xE1;s influye es la satisfacci&#xF3;n con la cantidad.</subfield>
  </datafield>
  <datafield tag="650" ind1=" " ind2="4">
    <subfield code="9">2288</subfield>
    <subfield code="a">Agua</subfield>
    <subfield code="x">Aprovechamiento</subfield>
    <subfield code="x">Durango</subfield>
  </datafield>
  <datafield tag="650" ind1=" " ind2="4">
    <subfield code="9">132210</subfield>
    <subfield code="a">Agua potable</subfield>
    <subfield code="x">Abastecimiento</subfield>
    <subfield code="x">Comunidades rurales</subfield>
  </datafield>
  <datafield tag="650" ind1=" " ind2="4">
    <subfield code="9">2316</subfield>
    <subfield code="a">Agua</subfield>
    <subfield code="x">Calidad</subfield>
  </datafield>
  <datafield tag="700" ind1="1" ind2=" ">
    <subfield code="9">68328</subfield>
    <subfield code="a">L&#xF3;pez Santiago, Marco Andr&#xE9;s</subfield>
    <subfield code="e">Director de tesis.</subfield>
  </datafield>
  <datafield tag="856" ind1=" " ind2=" ">
    <subfield code="u">http://10.13.5.2/tesis/tl/Ortiz_Lazalde_Jocabed_Getsemani.pdf</subfield>
    <subfield code="z">DESCARGAR PDF</subfield>
  </datafield>
  <datafield tag="942" ind1=" " ind2=" ">
    <subfield code="2">Clasificaci&#xF3;n Universidad Aut&#xF3;noma Chapingo</subfield>
    <subfield code="c">TD</subfield>
  </datafield>
  <datafield tag="999" ind1=" " ind2=" ">
    <subfield code="c">218668</subfield>
    <subfield code="d">218668</subfield>
  </datafield>
  <datafield tag="952" ind1=" " ind2=" ">
    <subfield code="0">0</subfield>
    <subfield code="1">0</subfield>
    <subfield code="2">local</subfield>
    <subfield code="4">0</subfield>
    <subfield code="5">1</subfield>
    <subfield code="7">0</subfield>
    <subfield code="8">TesDigL</subfield>
    <subfield code="a">BD</subfield>
    <subfield code="b">BD</subfield>
    <subfield code="c">E_L</subfield>
    <subfield code="d">2023-05-03</subfield>
    <subfield code="l">0</subfield>
    <subfield code="o">Tesis digital</subfield>
    <subfield code="r">2023-05-03 00:00:00</subfield>
    <subfield code="w">2023-05-03</subfield>
    <subfield code="y">TD</subfield>
  </datafield>
</record>
